| 000 | 00432pab a2200157 454500 | ||
|---|---|---|---|
| 008 | 180718b2001 xxu||||| |||| 00| 0 eng d | ||
| 100 | _aMeenakshisundaram, S.S. | ||
| 245 | _aPanchayat raj institutions in natural resources management: finding from Karnataka | ||
| 260 | _c2001 | ||
| 300 | _ap.9-18 | ||
| 362 | _aSep | ||
| 650 | _aPanchayat - India - Karnataka | ||
| 650 | _aPanchayat | ||
| 773 | _aKurukshetra | ||
| 909 | _a49846 | ||
| 999 |
_c49846 _d49846 |
||